| 000 | 00625nam a2200229Ia 4500 | ||
|---|---|---|---|
| 003 | OSt | ||
| 005 | 20230511095733.0 | ||
| 008 | 210423s2014 xx 000 0 und d | ||
| 020 | _a978-0-19-959377-4 | ||
| 040 | _cAL | ||
| 041 | _aeng | ||
| 082 | _a885 DEMD | ||
| 100 |
_aDEMOSTHENES _9102260 |
||
| 245 |
_aDemosthenes: selected speeches _cWATERFIELD (Robin) Tr |
||
| 260 |
_aNew York _bOxford University Press _c2014 |
||
| 300 |
_axxvi,528p _bPB |
||
| 365 |
_b395 _cINR |
||
| 650 |
_aGreek Literature _9102261 |
||
| 650 |
_aGreek Speeches _9102262 |
||
| 906 | _aDemosthenes: ; selected ; speeches | ||
| 942 |
_2ddc _cBK |
||
| 999 |
_c165825 _d165825 |
||